000 01514cam a2200361 a 4500
001 EDZ0000077434
003 StDuBDS
005 20161031105146.0
006 m||||||||d||||||||
007 cr |||||||||||
008 120419s2007 cau fo| 001|0|eng|d
020 _a9781446221440 (ebook) :
_cNo price
040 _aStDuBDS
_beng
_cStDuBDS
_epn
049 _aAlfaisal Main Library
050 0 _aJF801
_b.R66 2007
082 0 4 _a323.6
_223
100 1 _aRoot, Amanda,
_d1956-
245 1 0 _aMarket citizenship
_h[electronic resource] :
_bexperiments in democracy and globalization /
_cAmanda Root.
260 _aLos Angeles, [Calif.] ;
_aLondon :
_bSAGE,
_c2007.
300 _a1 online resource (ix, 188 p.)
520 8 _aDrawing on exhaustive empirical materials, the author argues for a new paradigm of social relations: market citizenship. As a compelling account of the past and future of citizenship, this book provides a comprehensive and authoritative view of citizenship, and links citizenship to topical and practical concerns.
521 _aSpecialized.
588 _aDescription based on print version record.
504 _aIncludes bibliographical references and index.
650 0 _aCitizenship.
650 0 _aDemocracy.
650 0 _aGlobalization.
655 7 _aElectronic books.
_2local
710 2 _aSage eBooks
776 0 8 _iPrint version :
_z9780761974444
856 4 0 _uhttp://ezproxy.alfaisal.edu/login?url=http://sk.sagepub.com/books/market-citizenship
942 _2lcc
_cEBOOKS
999 _c480604
_d480604